01059nam a2200253 u 4500001001300000003000900013005001700022008004100039020002500080040002700105041001300132082003000145100005200175240003800227245011400265250004500379260010000424300002000524490002300544655013700567700003700704700004100741830002300782000000385770IT-MiSPE20210417140708.0100901s2010 it 001 u ita d a3423301546c9.00 EUR aITMiSPEbitacIT-MiSPE1 agerhger a193-NIE fr al (axa 23314)1 aNietzsche, Friedrich Wilhelm,d1844-1900.eaut.10aAlso sprach Zarathustra.lTedesco10aAlso sprach Zarathustra :bKritische Studienausgabe /cHerausgegeben von Giorgio Colli und Mazzino Montinari. a9a ristampa 2004 sull'edizione del 1999. aMùˆnchen / Berlin - New York :bDeutscher Taschenbuch Verlag - de Gruyter,c1999 (Neuausgabe). a420 p. ;c18 cm1 aNietzsche - KSAv4 7aFilosofi di lingua tedesca. Generalità€ e filosofi fino al 1920xFilosofi 1801-1920: Nietzsche Friedrich Wilhelm, 1844-1900.2local1 aColli, Giorgio,ecur.d1917-19791 aMazzino, Montinari.d1928-1986ecur. 3aNietzsche - KSA 4.